Least visited Countries in the world - Statistics

General Stats
  • This quiz has been taken 23 times
  • The average score is 5 of 10
Answer Stats
Hint Answer % Correct
2 Kiribati
74%
3 Marshall Islands
74%
4 Samoa
74%
1 Tuvalu
74%
5 Solomon Islands
58%
7 Sao Tome
53%
6 Comoros
47%
8 Micronesia/FSOM
47%
9 Djibouti
32%
10 Sierra Leone
16%
No matching quizzes found
Score Distribution
Percent of People with Each Score
Percentile by Number Answered
Your Score History
You have not taken this quiz